[Event "GER-chT U14 Girls"]
[Site "Neumuenster"]
[Date "2018.12.29"]
[Round "5.1"]
[White "Ziegenfuss, Antonia"]
[Black "Neumann, Konstantina"]
[Result "1-0"]
[WhiteElo "1949"]
[BlackElo "1498"]
[PlyCount "103"]
[EventDate "2018.12.27"]
[EventType "team-swiss"]
[EventRounds "7"]
[EventCountry "GER"]
[SourceTitle "CBM 188 Extra"]
[Source "ChessBase"]
[SourceDate "2019.02.28"]
[SourceVersion "1"]
[SourceVersionDate "2019.02.28"]
[SourceQuality "1"]
[WhiteTeam "Baden-Baden"]
[BlackTeam "Guetersloh"]
[WhiteTeamCountry "GER"]
[BlackTeamCountry "GER"]

1. d4 d5 2. c4 e6 3. Nc3 Nf6 4. cxd5 exd5 5. Bg5 Be7 6. e3 0-0 7. Bd3 Be6 8. Nge2 c6 9. Qc2 h6 10. Bh4 Re8 11. f3 Qb6 12. 0-0 Na6 13. a3 Rad8 14. Kh1 Nh5 15. Bf2 Rc8 16. b4 Nb8 17. e4 dxe4 18. fxe4 Qd8 19. e5 Nd7 20. Be3 Rf8 21. Qd2 g5 22. Ne4 b6 23. N4g3 Nxg3+ 24. Nxg3 c5 25. Qe2 Re8 26. Qh5 Bf8 27. Ne4 Bg7 28. Bxg5 hxg5 29. Nxg5 Qe7 30. Bh7+ Kf8 31. Bg6 f6 32. exf6 Nxf6 33. Bxe8 Rxe8 34. Nh7+ Kg8 35. Nxf6+ Bxf6 36. Rxf6 Qxf6 37. Qxe8+ Kg7 38. Re1 Bf7 39. Qe5 cxd4 40. Qxf6+ Kxf6 41. Rf1+ Ke6 42. Rxf7 Kxf7 43. Kg1 Ke6 44. Kf1 Ke5 45. Ke2 Ke4 46. h4 Kf5 47. Kd3 Kg4 48. g3 a5 49. bxa5 bxa5 50. a4 Kf5 51. Kxd4 Kg4 52. Kc5 1-0

[Event "GER-chT U14 Girls"]
[Site "Neumuenster"]
[Date "2018.12.27"]
[Round "1.1"]
[White "Neumann, Konstantina"]
[Black "Brunner, Sophia"]
[Result "0-1"]
[WhiteElo "1498"]
[BlackElo "1755"]
[PlyCount "120"]
[EventDate "2018.12.27"]
[EventType "team-swiss"]
[EventRounds "7"]
[EventCountry "GER"]
[SourceTitle "CBM 188 Extra"]
[Source "ChessBase"]
[SourceDate "2019.02.28"]
[SourceVersion "1"]
[SourceVersionDate "2019.02.28"]
[SourceQuality "1"]
[WhiteTeam "Guetersloh"]
[BlackTeam "Papenburg"]
[WhiteTeamCountry "GER"]
[BlackTeamCountry "GER"]

1. e4 e6 2. d4 d5 3. exd5 exd5 4. Nf3 Bd6 5. Bd3 Nc6 6. Nc3 Nge7 7. 0-0 Bg4 8. Be2 Qd7 9. Nb5 0-0 10. Nxd6 Qxd6 11. h3 Bh5 12. c3 Rae8 13. Bd2 Kh8 14. Re1 Ng8 15. Qc1 Bxf3 16. Bxf3 Rxe1+ 17. Qxe1 Nf6 18. Qc1 Re8 19. Bf4 Qd7 20. Qd2 Ne4 21. Bg4 f5 22. Qd1 fxg4 23. Qxg4 Qxg4 24. hxg4 Re7 25. Re1 Nf6 26. Rxe7 Nxe7 27. f3 c6 28. Bb8 a6 29. Bd6 Nc8 30. Bc7 Kg8 31. Kf2 Kf7 32. Ke3 Ke6 33. g3 Nd6 34. b3 Nd7 35. a4 Ne8 36. Ba5 c5 37. Bd8 Kd6 38. f4 Nef6 39. g5 Ne4 40. c4 Nxg3 41. dxc5+ Nxc5 42. b4 Nxa4 43. cxd5 Kxd5 44. Bc7 Nf5+ 45. Kd3 Nb2+ 46. Kc3 Nc4 47. Kd3 Ncd6 48. Bb6 h5 49. Bg1 h4 50. Bh2 Ne4 51. Bg1 h3 52. Ke2 Kc4 53. Kf3 Nd2+ 54. Kg4 g6 55. Kxh3 Kxb4 56. Kg2 a5 57. Bb6 a4 58. Bd8 a3 59. Bf6 a2 60. Kf2 Ne4+ 0-1

[Event "GER-ch U10"]
[Site "Magdeburg"]
[Date "2014.06.13"]
[Round "9"]
[White "Neumann, Konstantina"]
[Black "Sulzbacher, Marijana"]
[Result "1-0"]
[WhiteElo "1183"]
[BlackElo "1016"]
[PlyCount "97"]
[EventDate "2014.06.08"]
[EventType "swiss"]
[EventRounds "11"]
[EventCountry "GER"]
[SourceTitle "CBM 160 Extra"]
[Source "ChessBase"]
[SourceDate "2014.07.01"]
[SourceVersion "1"]
[SourceVersionDate "2014.07.01"]
[SourceQuality "1"]

1. e4 e5 2. Nf3 Nf6 3. Nxe5 d6 4. Nf3 Nxe4 5. Be2 d5 6. 0-0 Bf5 7. Re1 Bc5 8. d4 Bd6 9. Bd3 0-0 10. Nbd2 Re8 11. c4 c6 12. Re2 Bb4 13. Qb3 Bxd2 14. Nxd2 Qd7 15. cxd5 cxd5 16. f3 Nxd2 17. Qxd5 Rxe2 18. Qxd7 Bxd7 19. Bxe2 Nc6 20. Bxd2 Nxd4 21. Bd3 Bf5 22. Bxf5 Nxf5 23. Rc1 Nd6 24. Rc7 Rc8 25. Rxc8+ Nxc8 26. Kf2 a6 27. Ke3 Nd6 28. Kd4 Kf8 29. Bb4 Ke7 30. Kd5 Kd7 31. Bxd6 Kc8 32. Kc5 f5 33. Kb6 g5 34. g4 fxg4 35. fxg4 Kd7 36. Bg3 Kc8 37. Be5 Kd7 38. Kxb7 a5 39. Kb6 Ke6 40. Bg3 a4 41. Kb5 Kf6 42. Kxa4 h6 43. Kb4 Kg6 44. Kc4 h5 45. gxh5+ Kxh5 46. Kd4 g4 47. Ke4 Kg6 48. Kf4 Kh5 49. b4 1-0

[Event "GER-ch U10"]
[Site "Magdeburg"]
[Date "2014.06.13"]
[Round "10"]
[White "Schoenweiler, Elisabeth"]
[Black "Neumann, Konstantina"]
[Result "1-0"]
[WhiteElo "1217"]
[BlackElo "1183"]
[PlyCount "101"]
[EventDate "2014.06.08"]
[EventType "swiss"]
[EventRounds "11"]
[EventCountry "GER"]
[SourceTitle "CBM 160 Extra"]
[Source "ChessBase"]
[SourceDate "2014.07.01"]
[SourceVersion "1"]
[SourceVersionDate "2014.07.01"]
[SourceQuality "1"]

1. e4 e5 2. Bc4 Nf6 3. d3 Nc6 4. Nc3 Bc5 5. Nf3 d6 6. h3 Be6 7. Bb3 0-0 8. Bg5 Qe7 9. Nd5 Bxd5 10. Bxd5 Rab8 11. 0-0 Rfd8 12. c3 Qd7 13. Bxf6 gxf6 14. b4 Bb6 15. Bxc6 bxc6 16. Nh4 Kh8 17. Nf5 Rg8 18. Kh1 d5 19. a4 a6 20. a5 Ba7 21. Qf3 Rg6 22. Rad1 Rbg8 23. g4 Rg5 24. Rg1 Qe8 25. Rg2 h5 26. Rdg1 Qd8 27. gxh5 dxe4 28. dxe4 Rxg2 29. Rxg2 Rxg2 30. Qxg2 Qf8 31. h6 Qg8 32. Qg7+ Qxg7 33. hxg7+ Kg8 34. Kg2 c5 35. bxc5 Bxc5 36. Kf3 Kh7 37. Ke2 Kg8 38. f3 Bg1 39. Kd3 Bh2 40. Kc4 Bf4 41. Kd5 Kh7 42. c4 Bh6 43. Nxh6 Kxg7 44. Nf5+ Kf8 45. Kc6 Ke8 46. Kxc7 Kf8 47. Kb7 Ke8 48. c5 Kd7 49. c6+ Ke8 50. c7 Kd7 51. c8Q# 1-0

[Event "GER-ch U10"]
[Site "Magdeburg"]
[Date "2014.06.11"]
[Round "6"]
[White "Pahl, Theis"]
[Black "Neumann, Konstantina"]
[Result "1/2-1/2"]
[WhiteElo "1311"]
[BlackElo "1183"]
[PlyCount "87"]
[EventDate "2014.06.08"]
[EventType "swiss"]
[EventRounds "11"]
[EventCountry "GER"]
[SourceTitle "CBM 160 Extra"]
[Source "ChessBase"]
[SourceDate "2014.07.01"]
[SourceVersion "1"]
[SourceVersionDate "2014.07.01"]
[SourceQuality "1"]

1. e4 e5 2. Nc3 Nf6 3. f4 exf4 4. e5 Ng8 5. d4 Nc6 6. Nf3 d5 7. Bxf4 Bb4 8. h3 Bf5 9. Bd3 Nge7 10. Qd2 Be4 11. a3 Bxf3 12. gxf3 Nxd4 13. Qe3 Bxc3+ 14. bxc3 Ndc6 15. Kd2 0-0 16. Rhg1 Ng6 17. Bg5 Qd7 18. Bxg6 fxg6 19. Rg3 Qf5 20. Qf2 Nxe5 21. Rf1 Rae8 22. Kd1 h6 23. Bc1 Rf6 24. f4 Ref8 25. Qd4 Qh5+ 26. Ke1 Qh4 27. Qxd5+ Kh7 28. Qg2 g5 29. Ke2 gxf4 30. Rxg7+ Kh8 31. Bxf4 Rxf4 32. Rxf4 Qxf4 33. Rxc7 Qf3+ 34. Qxf3 Rxf3 35. Rxb7 Rxh3 36. Rxa7 h5 37. Kf2 h4 38. Kg2 Rxc3 39. Ra5 h3+ 40. Kh2 Ng4+ 41. Kh1 h2 42. Rh5+ Kg7 43. Rh4 Nf2+ 44. Kxh2 1/2-1/2